| Поле | Инд. | ПП | Название | Значение |
|---|---|---|---|---|
| Тип записи | a | |||
| Библиографический уровень | m | |||
| 001 | Контрольный номер | c39528a3-bc09-49e4-9e75-e22772eab6b9 | ||
| 005 | Дата корректировки | 20140226122530.3 | ||
| 008 | Кодируемые данные | 960429 d | ||
| 020 | a | ISBN | 5-211-02493-1 | |
| c | Цена, тираж | 300-00; 2200-00 | ||
| 040 | a | Служба первич. каталог. | НБ ТвГУ | |
| 041 | a | Код языка текста | rus | |
| 080 | a | Индекс УДК | 541.1(075.8) | |
| 084 | a | Индекс другой классификации/Индекс ББК | Г5я73-1 | |
| 090 | a | Полочн. индекс | Г5 | |
| x | Авторский знак | Г70 | ||
| 100 | 1_ | a | Автор | Горшков Владимир Иванович |
| 245 | 10 | a | Заглавие | Основы физической химии |
| b | Продолж. заглавия | Учеб. для студентов вузов, обучающихся по направлению и спец. "Биология" | ||
| c | Ответственность | В. И. Горшков, И. А. Кузнецов | ||
| 250 | a | Основные сведения об издании | 2-е изд. | |
| b | Дополнительные сведения об издании | перераб. и доп. | ||
| 260 | 0_ | a | Место издания | Москва |
| b | Издательство | Изд-во Моск. ун-та | ||
| c | Дата издания | 1993 | ||
| 300 | a | Объем | 334,[1] с. | |
| b | Иллюстрации/ тип воспроизводства | ил., табл. | ||
| 504 | a | Библиография | Предм. указ.: с.325-331. | |
| 650 | a | Основная рубрика | Физическая химия | |
| x | Основная подрубрика | Учебники для вузов | ||
| 653 | a | Ключевые слова | Физическая химия | |
| a | Ключевые слова | Учебники | ||
| 700 | 1_ | a | Другие авторы | Кузнецов Иван Алексеевич |
| e | Роль лиц | авт. | ||
| 852 | p | Инвентарный номер | 643071 | |
| p | Инвентарный номер | 643072 | ||
| p | Инвентарный номер | 643404 | ||
| p | Инвентарный номер | 6346 - 45 экз. | ||
| t | Порядковый номер экземпляра | 48 | ||
| 930 | a | Новая/Ретро | Учебники | |
| 952 | c | Вид литературы | К ру | |
| 954 | a | Дата поступления на обработку | 27.10.93 | |
| 999 | a | Подразделение 2 | Фил3 |